000 00315nam a22001337a 4500
020 _a978-1-78186-367-1
082 _a823
_bDIS/A
100 _aDISNEY
245 _aALADDIN
_bTHE MAGICAL STORY
260 _aUNITED KINGDOM
_bDISNEY
_c2012
300 _a30
650 _aCHILDREN'S STORY BOOK
_zUNITED KINGDOM
942 _cBK
999 _c236
_d236